Annual analysis and performance / (Record no. 42549)

MARC details
000 -LEADER
fixed length control field 00665nam a22001937a 4500
005 - DATE AND TIME OF LATEST TRANSACTION
control field 20100819142518.0
010 ## - LCCN (DPL NO)
LC control number ENG-100996
020 ## - INTERNATIONAL STANDARD BOOK NUMBER
Terms of availability 80.00
035 ## - SYSTEM CONTROL NUMBER
System control number EN-84529
037 ## - SOURCE OF ACQUISITION
Source of stock number/acquisition DBAD/PUB
082 ## - DEWEY DECIMAL CLASSIFICATION NUMBER
Classification number 311.2
100 ## - MAIN ENTRY--PERSONAL NAME
Personal name Balasubramanian D
245 ## - TITLE STATEMENT
Title Annual analysis and performance /
Statement of responsibility, etc by D Balasubramanian
260 ## - PUBLICATION, DISTRIBUTION, ETC. (IMPRINT)
Place of publication, distribution, etc Koradachery
Name of publisher, distributor, etc Aruma Pathippagam
Date of publication, distribution, etc 2008
270 ## - ADDRESS
Address 35, Gandhi Colony
City Koradachery
Postal code 613703
300 ## - PHYSICAL DESCRIPTION
Extent iii,76p
Dimensions 19cm(pbk)
942 ## - ADDED ENTRY ELEMENTS (KOHA)
Source of classification or shelving scheme Dewey Decimal Classification
Item type English Books
Classification part 311.2
Call number suffix BAL
Holdings
Withdrawn status Lost status Not for loan Collection code Home library Current library Date acquired Source of acquisition Cost, normal purchase price Full call number Barcode Copy number Cost, replacement price Koha item type
    Not For Loan Non-fiction D.B.Act.Division D.B.Act.Division 19/08/2010 DBAD/PUB 80.00 311.2 BAL EN-84529 1 80.00 English Books

© Delhi Public Library
Hit Counter
free hit counter